| 000 | 00464nam a2200157Ia 4500 | ||
|---|---|---|---|
| 003 | OSt | ||
| 005 | 20200618133032.0 | ||
| 008 | 190216s9999||||xx |||||||||||||| ||und|| | ||
| 040 | _coclc | ||
| 082 |
_a954 _bSAT/P |
||
| 100 |
_aSathianathaier, R _93053 |
||
| 245 | 0 |
_aA Political and Cultural History Of India / _c R Sathianathaier |
|
| 260 |
_bViswanathan S, _aMadras: _c1964. |
||
| 300 | _a624p | ||
| 942 |
_cBK _2ddc _h954 _iSAT/P _k954 _mSAT/P |
||
| 999 |
_c18611 _d18611 |
||